A Dance with Dragons: Most Mentioned Characters Quiz Stats

Quiz Updated Sep 3, 2015

Challenge
Share
Tweet
Embed
Score 0/50 Timer 10:00
2 Plays Today
# of Mentions Character % Correct
805Jon Snow
94.8%
727Tyrion Lannister
94.4%
147Jon Connington
92.3%
134Arya Stark
91.2%
664Daenerys Targaryen
90.3%
138Cersei Lannister
89%
110Jaime Lannister
84.6%
187Bran Stark
79.9%
346Stannis Baratheon
78.6%
362Theon Greyjoy
75.1%
125Jorah Mormont
74.4%
85Eddard Stark
73.3%
78Tywin Lannister
72.7%
173Melisandre
69.4%
121Roose Bolton
65%
170Davos Seaworth
65%
261Barristan Selmy
64.6%
240Ramsay Bolton
64.1%
188Asha Greyjoy
62.9%
70Robb Stark
62%
62Tommen Baratheon
61%
78Robert Baratheon
60.4%
98Aegon Targaryen
59.5%
113Mance Rayder
58.3%
65Hodor
56.5%
# of Mentions Character % Correct
99Victarion Greyjoy
54.9%
243Quentyn Martell
54.3%
128Daario Naharis
53.2%
74Meera Reed
52.2%
76Kevan Lannister
52%
74Eddison Tollett
47%
263Hizdahr zo Loraq
45.6%
124Tormund Giantsbane
44.5%
60Missandei
44.3%
131Penny
43.6%
101Wyman Manderly
42.6%
63Rhaegar Targaryen
39%
59Jeyne Poole
38.3%
134Skahaz mo Kandaq
36.9%
75Val
36.9%
95Illyrio Mopatis
35.7%
97Reznak mo Reznak
34.3%
105Gerris Drinkwater
29.5%
90Bowen Marsh
28.7%
80Brown Ben Plumm
28.7%
109Haldon the Halfmaester
27.7%
93Archibald Yronwood
27%
68Rolly Duckfield
26.4%
62Galazza Galare
20.9%
65Justin Massey
18.5%

You're not logged in!

Compare scores with friends on all Sporcle quizzes.
Sign Up with Email
OR
Log In

You Might Also Like...

Show Comments

Extras

Top Quizzes Today


Score Distribution

Your Account Isn't Verified!

In order to create a playlist on Sporcle, you need to verify the email address you used during registration. Go to your Sporcle Settings to finish the process.